Second Most Spoken Languages - Statistics

General Stats
  • This quiz has been taken 594 times
  • The average score is 10 of 15
Answer Stats
Country 2nd Language % Correct
USA Spanish
100%
Canada French
91%
Ukraine Russian
86%
Switzerland French
84%
Spain Catalan
72%
India Bengali
63%
Germany Turkish
61%
Morocco Berber
59%
Iraq Kurdish
59%
France Arabic
57%
Australia Chinese
52%
United Kingdom Polish
52%
Argentina Italian
51%
Peru Quechua
50%
South Africa Xhosa
42%
No matching quizzes found
Score Distribution
Percent of People with Each Score
Percentile by Number Answered
Your Score History
You have not taken this quiz